000 00885cam a2200289 4500
001 J3047
008 090401t1995 xxu||||| |||| 00| 0 eng d
035 _a(Sirsi) u52680
041 _aeng
050 _a332.6324
110 _aHillier Parker Research
_92002
245 _aProperty market values - February - May - August & November 1995
260 _aLondon
_bHillier Parker May and Rowden
_c1995
300 _a4 pts. ; 30cm.
350 _a0
520 _aBefore August 1993 produced by Hillier Parker and Investors Chronicle.
650 _aCAPITAL VALUES
650 _aINDUSTRIAL PROPERTY
650 _aOFFICES
650 _aPROPERTY MARKET INDICATORS
650 _aPROPERTY MARKET VALUES
650 _aRATES OF RETURN
650 _aSHOPS
690 _aPROPERTY-COMMERCIAL PROPERTY-COMMERCIAL PROPERTY FINANCE AND INVESTMENT
942 _n0
948 _c04/03/1997
999 _c93142
_d93142